| 000 | 00411nam a22001577a 4500 | ||
|---|---|---|---|
| 003 | OSt | ||
| 005 | 20260218110806.0 | ||
| 008 | 260218b |||||||| |||| 00| 0 eng d | ||
| 020 | _a978-93--7212-416-3 | ||
| 040 | _cIIMT UNIVERSITY | ||
| 100 | _aKUMAR, KULDEEP | ||
| 245 | _aCROP PRODUCTION TECHNOLOGY - II RAVI CROPS | ||
| 260 |
_aNEW DELHI _bKALYANI PUBLICATION _c2025 |
||
| 300 | _aVARIOUS | ||
| 942 |
_2ddc _c01 |
||
| 999 |
_c67055 _d67055 |
||